15 principales países con muertes de Covid-19 - 10 de mayo - Estadísticas

Estadísticas generales
  • Esta prueba ha sido intentada 9 veces
  • La puntuación promedio es 12 de 21
Estadísticas de respuestas
país % Correcto
China
100%
Francia
100%
Italia
100%
España
88%
México
88%
Canadá
75%
Estados Unidos
75%
Reino Unido
75%
Brasil
63%
Alemania
50%
Bélgica
50%
Países Bajos
50%
Ecuador
38%
Irán
38%
Irlanda
38%
Portugal
38%
Suiza
38%
Turquía
38%
Dinamarca
25%
Suecia
25%
Suecia
25%
No se encontraron pruebas coincidentes
Distribución de puntuación
Porcentaje de gente con cada puntuación
Porcentaje por número respondido
Historial de tus puntuaciones
No has intentado esta prueba.